00916nam a22002537a 4500999001500000001000600015003000900021005001700030008004100047020001800088040002800106082002600134100003100160245010400191250001200295260004000307300004900347504005100396650002700447650002900474700002400503942001200527952012300539 c5362d536212684BD-DhUAP20201209111414.0201209s2002 ii a b 001 0 eng  a9788120321069 aDLCcDLCdBD-DhUAPbEng00223a620.00151825 CHA 1 aChandrupatla, Tirupathi R.10aIntroduction to finite elements in engineering /cTirupathi R. Chandrupatla and Ashok D. Belegundu. a3rd ed. aNew Delhi :bPrentice Hall,cc2002. axviii, 453 pages :billustrations ;c24 cm.  aIncludes bibliographical references and index. 0aFinite element method. 0aEngineering mathematics.1 aBelegundu, Ashok D. 2ddccBK 00102ddc4070aUAPCLbUAPCLcGeneral Stacksd2020-12-09o620.00151825 CHAp3010012684r2020-12-09t1w2020-12-09yBK